Indecomposable representations of graphs and algebras

Αποθηκεύτηκε σε:
Λεπτομέρειες βιβλιογραφικής εγγραφής
Κύριος συγγραφέας: Dlab, Vlastimil
Άλλοι συγγραφείς: Ringel, Claus Michael
Μορφή: Βιβλίο
Γλώσσα:English
Δημοσίευση: Providence, Rhode Island : American Mathematical Society, 1987
Έκδοση:1st ed., Repr.
Σειρά:Memoirs of the American Mathematical Society ; ; 173
Θέματα:
Ετικέτες: Προσθήκη ετικέτας
Δεν υπάρχουν, Καταχωρήστε ετικέτα πρώτοι!

MARC

LEADER 00000nam a2200000 i 4500
001 1/45293
008 941103s1987 eng d
020 |a 0-8218-1217-3 
035 |a 1993  |l 10042503 
040 |a GR-MY-UA  |b gre  |e aacr 
041 0 |a eng 
082 0 |a 512.24 
100 1 |a Dlab, Vlastimil. 
245 1 0 |a Indecomposable representations of graphs and algebras /  |c Vlastimil Dlab and Claus Michael Ringel 
250 |a 1st ed., Repr. 
260 |a Providence, Rhode Island :   |b American Mathematical Society,   |c 1987 
300 |a 57 p.;  |c 25 cm. 
490 1 |a Memoirs of the American Mathematical Society  |v ; 173 
500 |a Includes bibliographical references 
650 0 0 |a Associative algebras. 
650 0 0 |a Representations of algebras. 
650 0 0 |a Representations of graphs. 
700 1 |a Ringel, Claus Michael. 
830 0 |a Memoirs of the American Mathematical Society ;  |v ; 173 
852 |a INST  |b SAMOS  |e 19941103  |h 512.24 DLA  |p 005300002380  |q 005300002380  |t BK  |y 0 
909 |a Σ  |b 033351